000 00523nam a22001697a 4500
008 130821s1936 fr gr fre
040 _aCo-BoUCM
_bspa
041 0 0 _afre
100 _aCales, Jean S.J.
_eTr
_9150343
245 0 0 _aLe livre des psaumes
_cPar Jean Calès
260 _aParís (Francia)
_bGabriel Bauchesne et Ses Fils
_c1936
300 _a2 volúmenes
630 _aBiblia
_pA.T.
_94832
650 0 4 _aSalmos
_923908
942 _cLIBRO
_a4
_e1
_mC15
_n0
_2DEWEY
_h223.2
999 _c87188
_d87188